10 plus grandes villes du portugal - Statistiques

Statistiques générales
  • Ce quiz a été pris 1 470 fois
  • Le résultat moyen est 4 sur 10
Statistiques - réponses
classement ville % Correct
1 lisbonne
99%
2 porto
99%
6 braga
78%
5 coimbra
55%
9 setubal
37%
7 funchal
22%
3 vila nova de gaia
13%
4 amadora
11%
8 almada
8%
10 agualva-cacem
2%
Aucun quiz correspondant
Distribution des résultats
% des personnes avec chaque résultat
Percentile par nombre de réponses
Votre historique - résultats
Vous n’avez pas pris ce quiz